Методика выбора оптимального источника света; Электроэнергетика, электротехнические системы и комплексы

Chi tiết về thư mục
Parent link:Электроэнергетика, электротехнические системы и комплексы.— 2003.— С. 270-271
Tác giả chính: Ахунзянова А. В.
Tác giả khác: Никитин В. Д.
Ngôn ngữ:Tiếng Nga
Được phát hành: 2003
Những chủ đề:
Định dạng: Chương của sách
KOHA link:https://koha.lib.tpu.ru/cgi-bin/koha/opac-detail.pl?biblionumber=105973

MARC

LEADER 00000naa2a2200000 4500
001 105973
005 20231031114728.0
035 |a (RuTPU)RU\TPU\book\114358 
090 |a 105973 
100 |a 20061129d2003 k y0rusy50 ca 
101 0 |a rus 
102 |a RU 
200 1 |a Методика выбора оптимального источника света  |f А. В. Ахунзянова, В. Д. Никитин 
320 |a Библиогр.: 2 назв. 
463 0 |0 (RuTPU)RU\TPU\book\62183  |t Электроэнергетика, электротехнические системы и комплексы  |o Материалы международной научно-технической конференции, Томск, 3-5 сентября 2003 г.  |f Томский политехнический университет; Сибирское отделение РАН  |v С. 270-271  |d 2003  |p 323 с. 
610 1 |a освещение 
610 1 |a свет 
610 1 |a источники света 
610 1 |a световая отдача 
610 1 |a труды учёных ТПУ 
700 1 |a Ахунзянова  |b А. В. 
701 1 |a Никитин  |b В. Д. 
801 1 |a RU  |b 63413507  |c 20061129  |g PSBO 
801 2 |a RU  |b 63413507  |c 20091124  |g RCR 
942 |c BK